000 00223nam a2200097Ia 4500
008 240331s9999 xx 000 0 und d
082 _bKAR
100 _aKarunaratne, D
245 0 _aSinhala sahittya vishva koshaya
942 _cL
999 _c3254
_d3254